000 00798cam a22002777a 4500
003 CHAP
005 20220329140548.0
008 971013s1938 r 00010 d
010 _a53959
011 _a54931
035 _a59083
040 _cCHAP
082 _a581.1
_bS45
100 0 0 _aSeifriz, William.
_9103754
245 1 4 _aThe physiology of plants
260 _aNew York :
_bWiley,
_c1938
300 _a315 p.
_b: ilus.
590 _aBATCH-UPD
_b10
_c20130110
_lUCH01
_h0526
590 _aBATCH-UPD
_b10
_c20130410
_lUCH01
_h0206
590 _aBATCH-UPD
_b10
_c20130914
_lUCH01
_h1412
590 _aCONVERSION
_b10
_c20130109
_lUCH01
_h1329
650 1 4 _aFisiologĂ­a vegetal.
_941136
901 _aBK
942 _cLIBRO
949 _a581.1 S45
_bBC
_cLIBRO
_d33724000521035
_eLIBRO
_h9268
_i59083
_si
999 _c53959
_d53959